| 000 | 00464cam a2200157 4500500 | ||
|---|---|---|---|
| 005 | 20260405002352.0 | ||
| 041 | _afre | ||
| 042 | _adc | ||
| 245 | 0 | 0 | _aSauvons le beau |
| 260 | _c2016. | ||
| 500 | _a4 | ||
| 690 | _aBeauté | ||
| 690 | _aByung-Chul Han | ||
| 786 | 0 | _nPhilosophie magazine | 105 | 12-1 | 2016-12-01 | p. 54-54 | 1951-1787 | |
| 856 | 4 | 1 | _uhttps://shs.cairn.info/magazine-philosophie-magazine-2016-12-1-page-54?lang=fr&redirect-ssocas=7080 |
| 999 |
_c2057081 _d2057081 |
||